| 000 | 01231nam0a22002771 4500 | ||
|---|---|---|---|
| 001 | rc\2655908 | ||
| 005 | 20250529192701.0 | ||
| 035 | _a(NLR Aleph) 006963158 | ||
| 090 |
_a5365028 _c5365028 |
||
| 100 | _a20110615d1929 |||y0rusy50 ca | ||
| 101 | 1 |
_arus _cger |
|
| 102 | _aRU | ||
| 105 | _aa z ||||| | ||
| 200 | 1 |
_aИзмерение концентрации водородных ионов _fГ. Леман _gПер. с нем. под ред. проф. Бориса Беркенгейма |
|
| 210 |
_aМосква _aЛенинград _cГос. изд-во _d1929 _eМосква _gтип. "Красный пролетарий" |
||
| 215 |
_a192 с. _cил., граф. _d24×16 см |
||
| 300 | _aДоб. тит. лист: "Die Wasserstoffionen-Messung. Von Gunther Lehmann" | ||
| 320 | _aБиблиография: указания использованной и рекомендуемой литературы в "Предисловиях" (6 названий) | ||
| 513 | 0 | 0 |
_aDie Wasserstoffionen-Messung _zger |
| 700 | 1 |
_aЛеман _bГ. _gГунтер |
|
| 702 | 1 |
_aБеркенгейм _bБ. _gБорис _4340 |
|
| 801 | 0 |
_aRU _bNLR _gpsbo |
|
| 801 | 1 |
_aRU _bELAR _2rusmarc |
|
| 852 |
_aNLR _j67/438 |
||
| 942 | _cBOOK | ||
| 980 | _aNB | ||